000 01127cab a22002175a 4500
001 L145905
008 081121s2008 xxko f 000 0 eng d
035 _a(Sirsi) u145905
041 0 _aeng
100 1 _aGarcia-Deleito, Anthony
245 0 0 _aHome extension freedom could build house values
260 _c2008
490 _aThe Estate Agent
_vNovember 2008, 42-43(2)
520 _aArticle looks at the Town and Country Planning (General Permitted Development) (Amendment) (England) Order 2008 and highlights the fact that up to 80 000 households may now find it easier to carry out home improvements without the cost and delay of planning permission. Also identifies restrictions that should still be considered by home owners and property practitioners.
590 _aKA
650 2 4 _aTOWN AND COUNTRY PLANNING (GENERAL PERMITTED DEVELOPMENT) ORDER 1995
650 2 4 _aTOWN AND COUNTRY PLANNING (GENERAL PERMITTED DEVELOPMENT) (AMENDMENT) (NO. 2) (ENGLAND) ORDER 2008
651 4 _aEngland and Wales
_y1543-
690 _aENVIRONMENTAL AND LAND CONSULTANCY-PLANNING AND DEVELOPMENT-DEVELOPMENT CONTROL
942 _n0
999 _c80973
_d80973